000 00629nam a2200217 4500
005 20251006141318.0
020 _a9780071078016
_cTZS 90,000/=
020 _a0071078010
040 _aMCCL
_beng.
_eAACR 2nd rev. ed.
082 _a332.632 SAS
100 _aSasidharan, K
245 _aSecurity analysis and portfolio management/
_cK. Sasidharan and Alex K Mathews.
260 _aNew Delhi :
_bPrentice-Hall Of India
_cc2011.
300 _axxviii,680p.:
_bill.;
_c24 cm.
504 _aIncludes index
546 _aeng
650 _aPortfolio management
650 _aInvestment analysis
700 _aMatwes, A.
942 _cBK
999 _c12113
_d12113